000 01028nam a22003137a 4500
003 CHAP
005 20220329141543.0
008 971013s1985 r 00010 d
010 _a70059
011 _a71031
035 _a80585
040 _cCHAP
082 _a634.907
_bC65
110 _aConsejo Internacional para Investigación en Agrosilvicultura
_927292
245 _aReport of the External Review Panel of the ICRAF..., 1984
260 _aNairobi :
_bEl Consejo,
_c1985
300 _a119 p.
500 _aD19-92
590 _aBATCH-UPD
_b10
_c20130110
_lUCH01
_h1618
590 _aBATCH-UPD
_b10
_c20130410
_lUCH01
_h1013
590 _aBATCH-UPD
_b10
_c20130914
_lUCH01
_h0718
590 _aCONVERSION
_b10
_c20130109
_lUCH01
_h1338
650 1 4 _aBosques
_xInvestigación.
_914282
650 1 4 _aOrganismos Internacionales Agrícolas.
_983526
650 1 4 _aSilvicultura
_xPublicaciones periódicas.
_9106124
901 _aBK
942 _cLIBRO
949 _a634.907 C65
_bBC
_cLIBRO
_d33724000212361
_eLIBRO
_h73673
_i80585
_si
999 _c70059
_d70059